| 000 | 00439nam a2200145Ia 4500 | ||
|---|---|---|---|
| 008 | 130318s9999 xx 000 0 und d | ||
| 020 | _a761923012 | ||
| 082 | _a658.4038011 YAT/I | ||
| 100 | _aYates, JoAnne | ||
| 245 | _aInformation technology and organizational transformation: History, rhetoric and practice | ||
| 260 |
_bSage _aThousand Oak _c2001 |
||
| 300 | _a367 | ||
| 650 | _aORGANIZATIONAL TRANSFORMATION | ||
| 700 | _aMaanen, John Van | ||
| 999 |
_c670 _d670 |
||